Caracterización Biofísica del Altiplano Cundiboyacense (Registro nro. 18088)
[ vista simple ]
| 000 -CABECERA | |
|---|---|
| Campo de control | 00914nam a22001937a 4500 |
| 005 - FECHA Y HORA DE LA ULTIMA TRANSACCION | |
| Campo de control | 20191224042235.0 |
| 008 - ELEMENTOS DE LONGITUD FIJA—INFORMACION GENERAL | |
| Campo de control | 160202b xxu||||| |||| 00| 0 spa d |
| 040 ## - FUENTE DE CATALOGACIÓN | |
| Agencia catalogadora original | CO-BoIAVH |
| Agencia transcriptora | CO-BoIAVH |
| 041 ## - IDIOMA | |
| Código de idioma para texto/pista de sonido o título separado | Español |
| 090 ## - CLASIFICACIÓN LOCAL | |
| Colección | LB |
| Consecutivo | 05906 |
| 110 2# - ASIENTO PRINCIPAL--NOMBRE CORPORATIVO | |
| Nombre corporativo o de jurisdicción como elemento de entrada | Pontificia Universidad Javeriana. |
| Unidad subordinad | Facultad de Estudios Ambientales y Rurales. |
| -- | Instituto de Estudios Ambientales para el Desarrollo. |
| 9 (RLIN) | 56600 |
| 245 1# - MENCION DE TITULO | |
| Título | Caracterización Biofísica del Altiplano Cundiboyacense |
| Parte restante del título | Caracterización Socioeconómica de los Sistemas de Producción de la Laguna de Suesca y del Valle Aluvial del Rio Bogotá en Choconta |
| 260 ## - PUBLICACION, DISTRIBUCION, ETC. (PIE DE IMPRENTA) | |
| Lugar de publicación, distribución, etc. | Bogotá: |
| Nombre del editor, distribuidor, etc. | Pontificia Universidad Javeriana. ,Facultad de Estudios Ambientales y Rurales. Instituto de Estudios Ambientales para el Desarrollo. |
| Fecha de publicación, distribución, etc. | 2004. |
| 300 ## - DESCRIPCION FISICA | |
| Extensión | 44 Paginas |
| 650 #6 - ASIENTO SECUNDARIO DE MATERIA - TERMINO TEMATICO | |
| Término temático o nombre geográfico como elemento de entrada | Humedales |
| 9 (RLIN) | 92440 |
| 650 #6 - ASIENTO SECUNDARIO DE MATERIA - TERMINO TEMATICO | |
| Término temático o nombre geográfico como elemento de entrada | Paisajes |
| 9 (RLIN) | 5483 |
| 650 #6 - ASIENTO SECUNDARIO DE MATERIA - TERMINO TEMATICO | |
| Término temático o nombre geográfico como elemento de entrada | Laguna de Suesca |
| 9 (RLIN) | 56603 |
| 942 ## - ELEMENTOS ADICIONALES (KOHA) | |
| Sistema de clasificación | Local |
| Tipo de ítem | Informe Técnico |
| Withdrawn status | Lost status | Sistema de Clasificación | Damaged status | No para préstamo | Colección | Inventariado | Ubicación Permanente | Ubicación actual | Fecha de adquisición | Total Checkouts | Número topográfico | Inventario / Código de Barras | Date last seen | Date checked out | Ejemplar | Price effective from | Forma de adquisición | Tipo de material |
|---|---|---|---|---|---|---|---|---|---|---|---|---|---|---|---|---|---|---|
| Local | General | Inventariado 2017 | Bogotá | Bogotá | 02/02/2016 | 1 | LB-05906 | 039605 | 09/02/2018 | 08/02/2018 | Ej. 1 | 02/02/2016 | Informe Técnico |